| 000 | nam a22 7a 4500 | ||
|---|---|---|---|
| 999 |
_c2896 _d2896 |
||
| 005 | 20170518150659.0 | ||
| 008 | 170518b1985 -us||||| |||| 00| 0 eng d | ||
| 020 | _a0717285235 | ||
| 040 | _aAKMAL | ||
| 082 | _a658 ENC | ||
| 090 |
_a658 _bENC |
||
| 245 | 0 | 0 |
_aEncyclopaedia of professional management / _ceditors, Lester Robert Bittel and Jackson Augene Ramsey ; managing editor, Muriel Albers Bittel |
| 250 | _a2d ed | ||
| 260 |
_aDanbury, Conn. : _bGrolier International, _c1985 |
||
| 300 |
_a2v., 1000p ; _c24 cm |
||
| 500 | _aIncludes index | ||
| 650 | 0 |
_aManagement _vDictionaries _9397 |
|
| 700 | 1 |
_aBittel, Lester R. _q(Lester Robert) _96084 |
|
| 700 | 1 |
_aFamsey, Jackson Eugene _96085 |
|
| 942 |
_2ddc _cBOOK |
||